Регионална библиотека "Любен Каравелов" - Русе

Химия (Запис номер 468767)

MARC детайли
000 -Лидер
Контролно поле с фиксирана дължина nam a22 a 4500
003 - Код на организацията, давaща контролен номер
Контролно поле BLK
005 - Дата и час на последна редакция
Контролно поле 20220801093029.0
008 - Елементи от данни с фиксирана дължина
fixed length control field 220617b bu |||||r|||| 00| | bu d
040 ## - Източник на каталожния запис
Идентификатор на билиотеката - собственик на записа BLK
041 ## - Код за език
Код за езика на текст/звукозапис или на отделно заглавие Български
Код за езика КДБФ Български
080 ## - УДК
Текстов определител УДК Химия. Кристалография. Минералогия. Вж и 577.1; 66; 612.015; 631.41
УДК код - определител по УДК 54
УДК определител (075.3)
УДК - код + определител 54(075.3)
100 ## - Редна дума - Автор
R(LIN) 475675
Автор Илиева, Мара Петрова
Авторска отговорност първи автор
139 ## - Редно поле
Редна дума Химия
245 ## - Сведения за заглавието
Заглавие Химия
Подзаглавни данни Учебник за І курс на техникумите
Редно поле (дума) Мара Илиева и др.
250 ## - Област на изданието
Сведения за изданието 7. стер. изд.
260 ## - Област на издателските данни
9 (RLIN) 216179
Място на издаване, разпространение и проч. София
Име на издателя, разпространителя и проч. Нар. просв.
Година на издаване 1972
300 ## - Физическа характеристика
Страници 178 с.
Илюстрации и др. с ил., табл., 6 л. табл.
Размери/Мащаб 21 см
380 ## - Жанр
Жанр Естествени науки. Математика
500 ## - Общи забележки
Забележка 1. изд. 1966.<br/>
650 #0 - Допълнително описание по предмет – тема
9 (RLIN) 245457
Основно описание – тема или топоним Химия - учебници за средни училища
653 #7 - Ключова дума – ненормативна
9 (RLIN) 199967
Ключова дума химия
653 #7 - Ключова дума – ненормативна
9 (RLIN) 199113
Ключова дума учебници за техникуми
700 1# - Други автори (авторска отговорност)
9 (RLIN) 57364
Лично име Гълъбов, Иван Захариев
Автороска отговорност (Описва отношението между автора и произведението) съавт.
700 ## - Други автори (авторска отговорност)
9 (RLIN) 469614
Лично име Спасов, Александър Велинов
Автороска отговорност (Описва отношението между автора и произведението) съавт.
700 ## - Други автори (авторска отговорност)
9 (RLIN) 477298
Лично име Атанасова, Донка Петрова
Автороска отговорност (Описва отношението между автора и произведението) съавт.
852 ## - Местоположение
Форматна сигнатура Цб 61401
Фондова буква Хранилище
999 ## - СИСТЕМНИ КОНТРОЛНИ НОМЕРА
Koha biblionumber 468767
Koha biblioitemnumber 468767
942 ## - АРТИКУЛИ
Вид на библиотечния материал Книги
Скрит в OPAC Не
Периодичен библиозапис Да
944 ## - СЪЗДАВАНЕ И РЕДАКЦИЯ на ЗАПИСА
Създаване/Редакция Създаване
Дата на регистрацията/редакция 2022-08-01
Служител, извършил регистрацията/редакцията Кети
Наличности
Код за отписване Код за изгубен артикул Източник на класификационната схема Код за повреда Коз за рестрикции Код за отдаване Артикулен № Име на библиотеката - собственик Име на библиотеката, в която се намира в момента Статус (Текущо местоположение) Дата на вписване в системата Местоположение - отдел Цена в лева Инвентарен номер Систематично азбучна сигнатура Баркод Цена в евро Служебен тип на артикула
  Не е изгубен Universal Decimal Classification Не е повреден само за читалня ползва се в читалня 898334 Регионална библиотека "Любен Каравелов" Русе Регионална библиотека "Любен Каравелов" Русе Хранилище 2022-08-03 Хранилище 0.58 109686 Цб 61401 120000109686 0.30 Книги
Vip Innovations Ltd, Rousse, Bulgaria 2025